| 000 | 00824nam a2200229 a 4500 | ||
|---|---|---|---|
| 001 | 59632 | ||
| 003 | BD-RjUL | ||
| 005 | 20211209080743.0 | ||
| 008 | 161226s1947 ii ||||| |||| 00| 0 ben d | ||
| 020 | _c: IRs 0.50 | ||
| 035 | _a(BD-RjUL)59756 | ||
| 040 |
_aBD-RjUL _bben _cBD-RjUL |
||
| 041 | _aben | ||
| 082 |
_223 _a181.4 _bBRB 1947 |
||
| 100 |
_a ব্রক্ষ, নলিনীকান্ত _9177439 |
||
| 245 | 1 | 0 |
_aভারতের অধ্যাত্নবাদ / _cনলিনীকান্ত ব্রক্ষ |
| 260 |
_aকলিকাতা : _bবিশ্বভারতী, _c১৯৪৭ [১৩৫৪] |
||
| 300 |
_a৭০ পৃ.. ; _c১৯ সেমি. |
||
| 650 |
_aভারতীয় দর্শন _9177440 |
||
| 650 |
_aIndian Philosophy _9173183 |
||
| 942 |
_2ddc _cBK |
||
| 999 |
_c59632 _d59632 |
||